Limits of law, prerogatives of power (Record no. 189308)
[ view plain ]
| 000 -LEADER | |
|---|---|
| fixed length control field | 01618nam a2200325Ia 4500 |
| 082 04 - DEWEY DECIMAL CLASSIFICATION NUMBER | |
| Classification number | 341.5/84 |
| 100 1# - MAIN ENTRY--AUTHOR NAME | |
| Personal name | Glennon, Michael J., |
| 245 10 - TITLE STATEMENT | |
| Title | Limits of law, prerogatives of power |
| 260 ## - PUBLICATION, DISTRIBUTION, ETC. (IMPRINT) | |
| Place of publication | New York : |
| Name of publisher | Palgrave, |
| Year of publication | 2001. |
| 300 ## - PHYSICAL DESCRIPTION | |
| Number of Pages | x, 250 p. |
| 505 0# - FORMATTED CONTENTS NOTE | |
| Formatted contents note | 1. Kosovo and the Unites Nations Charter -- 2. The Effect of State Practice on the Charter -- 3. State Practice: The Charter and Interstate Violence -- 4. Security Council Practice: The Charter and Intrastate Violence -- 5. The Collapse of Consent: Is a Legalist Use-of-Force Regime Possible? -- 6. The International Parallel Universe: Is a Legalist Use-of-Force Regime Desirable? -- 7. Conclusion. |
| 650 #0 - SUBJECT ADDED ENTRY--TOPICAL TERM | |
| Topical Term | Intervention (International law) |
| Topical Term | Kosovo War, 1998-1999. |
| 856 40 - ELECTRONIC LOCATION AND ACCESS | |
| Uniform Resource Identifier | http://site.ebrary.com/lib/rucke/Doc?id=10135708 |
No items available.
